<?xml version="1.0" encoding="UTF-8"?>
<record
    xmlns:xsi="http://www.w3.org/2001/XMLSchema-instance"
    xsi:schemaLocation="http://www.loc.gov/MARC21/slim http://www.loc.gov/standards/marcxml/schema/MARC21slim.xsd"
    xmlns="http://www.loc.gov/MARC21/slim">

  <leader>01949cam a2200349 a 4500</leader>
  <controlfield tag="001">17438908</controlfield>
  <controlfield tag="005">20150328153432.0</controlfield>
  <controlfield tag="008">120821t2014    mauado frbd   001 0 eng d</controlfield>
  <datafield tag="020" ind1=" " ind2=" ">
    <subfield code="a">9781449688073 (pbk.)</subfield>
  </datafield>
  <datafield tag="020" ind1=" " ind2=" ">
    <subfield code="a">1449688071 (pbk.)</subfield>
  </datafield>
  <datafield tag="020" ind1=" " ind2=" ">
    <subfield code="a">9781449687656</subfield>
  </datafield>
  <datafield tag="020" ind1=" " ind2=" ">
    <subfield code="a">1449687652</subfield>
  </datafield>
  <datafield tag="040" ind1=" " ind2=" ">
    <subfield code="a">DNLM/DLC</subfield>
    <subfield code="b">eng</subfield>
    <subfield code="c">DLC</subfield>
    <subfield code="d">YDX</subfield>
    <subfield code="d">NLM</subfield>
    <subfield code="d">YDXCP</subfield>
    <subfield code="d">OCLCO</subfield>
    <subfield code="d">VET</subfield>
    <subfield code="d">LGG</subfield>
    <subfield code="d">CDX</subfield>
    <subfield code="d">FMU</subfield>
    <subfield code="d">OCLCF</subfield>
    <subfield code="d">MJO</subfield>
    <subfield code="d">DLC</subfield>
    <subfield code="d">EG-ScBUE</subfield>
  </datafield>
  <datafield tag="082" ind1="0" ind2="0">
    <subfield code="a">362.173</subfield>
    <subfield code="2">22</subfield>
    <subfield code="b">DAY</subfield>
  </datafield>
  <datafield tag="100" ind1="1" ind2=" ">
    <subfield code="a">Dayer-Berenson, Linda.</subfield>
    <subfield code="9">36286</subfield>
  </datafield>
  <datafield tag="245" ind1="1" ind2="0">
    <subfield code="a">Cultural competencies for nurses :</subfield>
    <subfield code="b">impact on health and illness /</subfield>
    <subfield code="c">Linda Dayer-Berenson.</subfield>
  </datafield>
  <datafield tag="250" ind1=" " ind2=" ">
    <subfield code="a">2nd ed.</subfield>
  </datafield>
  <datafield tag="260" ind1=" " ind2=" ">
    <subfield code="a">Burlington :</subfield>
    <subfield code="b">Jones &amp; Bartlett Learning,</subfield>
    <subfield code="c">c.2014.</subfield>
  </datafield>
  <datafield tag="300" ind1=" " ind2=" ">
    <subfield code="a">xxiv, 416 p. :</subfield>
    <subfield code="b">charts, photographs, tables ;</subfield>
    <subfield code="c">23 cm.</subfield>
  </datafield>
  <datafield tag="500" ind1=" " ind2=" ">
    <subfield code="a">Glossary : p. 393-398.</subfield>
  </datafield>
  <datafield tag="500" ind1=" " ind2=" ">
    <subfield code="a">Index : p. 401-416.</subfield>
  </datafield>
  <datafield tag="504" ind1=" " ind2=" ">
    <subfield code="a">Includes bibliographical references.</subfield>
  </datafield>
  <datafield tag="504" ind1=" " ind2=" ">
    <subfield code="a">Bibliography : p. 399-400.
</subfield>
  </datafield>
  <datafield tag="505" ind1="0" ind2=" ">
    <subfield code="a">Birth of transcultural nursing theories to current theories and conceptual models for cultural diversity -Culture-Global diversity -Organization for healthcare delivery in the 21st century-Black Americans-Hispanics / Latinos-Asians/Pacific Islanders-Native Americans-Whites (non-Hispanic)-Muslims and Hindus.</subfield>
  </datafield>
  <datafield tag="520" ind1=" " ind2=" ">
    <subfield code="a">"Offers key information regarding health beliefs and the impact of culture on health and illness. This new edition contains an overview of the predominant cultural competency nursing theories, impact of diversity on health disparities, information on the health beliefs of several minority groups, and case studies to enhance student learning. This text is an excellent resource for courses that emphasize health promotion and disease prevention."--</subfield>
  </datafield>
  <datafield tag="650" ind1=" " ind2="0">
    <subfield code="a">Transcultural nursing.</subfield>
    <subfield code="9">36287</subfield>
  </datafield>
  <datafield tag="650" ind1=" " ind2="0">
    <subfield code="a">Cross-cultural studies</subfield>
    <subfield code="9">36288</subfield>
  </datafield>
  <datafield tag="650" ind1=" " ind2="0">
    <subfield code="a">Nurse and patient.</subfield>
    <subfield code="9">12232</subfield>
  </datafield>
  <datafield tag="653" ind1=" " ind2=" ">
    <subfield code="b">NNUR</subfield>
    <subfield code="c">October2014</subfield>
    <subfield code="c">March2015</subfield>
  </datafield>
  <datafield tag="655" ind1=" " ind2=" ">
    <subfield code="v">reading book</subfield>
    <subfield code="9">34232</subfield>
  </datafield>
  <datafield tag="942" ind1=" " ind2=" ">
    <subfield code="k">362.173 DAY</subfield>
    <subfield code="2">ddc</subfield>
  </datafield>
  <datafield tag="999" ind1=" " ind2=" ">
    <subfield code="c">18482</subfield>
    <subfield code="d">18454</subfield>
  </datafield>
  <datafield tag="952" ind1=" " ind2=" ">
    <subfield code="0">0</subfield>
    <subfield code="1">0</subfield>
    <subfield code="2">ddc</subfield>
    <subfield code="4">0</subfield>
    <subfield code="7">0</subfield>
    <subfield code="8">Baccah</subfield>
    <subfield code="a">MAIN</subfield>
    <subfield code="b">MAIN</subfield>
    <subfield code="c">1ST</subfield>
    <subfield code="d">2014-10-21</subfield>
    <subfield code="e">purchase</subfield>
    <subfield code="g">296.00</subfield>
    <subfield code="h">20526</subfield>
    <subfield code="l">16</subfield>
    <subfield code="m">33</subfield>
    <subfield code="o">362.173 DAY</subfield>
    <subfield code="p">000036751</subfield>
    <subfield code="q">2023-02-02</subfield>
    <subfield code="r">2017-05-10 00:00:00</subfield>
    <subfield code="s">2017-05-10</subfield>
    <subfield code="v">370.00</subfield>
    <subfield code="y">BB</subfield>
  </datafield>
  <datafield tag="952" ind1=" " ind2=" ">
    <subfield code="0">0</subfield>
    <subfield code="1">0</subfield>
    <subfield code="2">ddc</subfield>
    <subfield code="4">0</subfield>
    <subfield code="7">0</subfield>
    <subfield code="8">Baccah</subfield>
    <subfield code="a">MAIN</subfield>
    <subfield code="b">MAIN</subfield>
    <subfield code="c">1ST</subfield>
    <subfield code="d">2014-10-21</subfield>
    <subfield code="e">purchase</subfield>
    <subfield code="g">296.00</subfield>
    <subfield code="h">20526</subfield>
    <subfield code="l">19</subfield>
    <subfield code="m">54</subfield>
    <subfield code="o">362.173 DAY</subfield>
    <subfield code="p">000036752</subfield>
    <subfield code="r">2025-07-15 00:00:00</subfield>
    <subfield code="s">2023-11-22</subfield>
    <subfield code="v">370.00</subfield>
    <subfield code="y">BB</subfield>
  </datafield>
  <datafield tag="952" ind1=" " ind2=" ">
    <subfield code="0">0</subfield>
    <subfield code="1">0</subfield>
    <subfield code="2">ddc</subfield>
    <subfield code="4">0</subfield>
    <subfield code="7">0</subfield>
    <subfield code="8">Baccah</subfield>
    <subfield code="a">MAIN</subfield>
    <subfield code="b">MAIN</subfield>
    <subfield code="c">1ST</subfield>
    <subfield code="d">2015-03-28</subfield>
    <subfield code="e">purchase</subfield>
    <subfield code="g">296.00</subfield>
    <subfield code="h">22358</subfield>
    <subfield code="l">21</subfield>
    <subfield code="m">59</subfield>
    <subfield code="o">362.173 DAY</subfield>
    <subfield code="p">000037834</subfield>
    <subfield code="r">2025-11-23 00:00:00</subfield>
    <subfield code="s">2025-11-18</subfield>
    <subfield code="v">370.00</subfield>
    <subfield code="y">BB</subfield>
  </datafield>
</record>
